Normal view
MARC view
Entry Personal Name
001 - CONTROL NUMBER
- control field: 266027
003 - CONTROL NUMBER IDENTIFIER
- control field: OSt
005 - DATE AND TIME OF LATEST TRANSACTION
- control field: 20260627094440.0
008 - FIXED-LENGTH DATA ELEMENTS
- fixed length control field: 260627|| aca||aabn | a|a d
040 ## - CATALOGING SOURCE
- Original cataloging agency: OSt
- Transcribing agency: OSt
100 ## - HEADING--PERSONAL NAME
- Personal name: HONIGMANN (John J)
670 ## - SOURCE DATA FOUND
- Source citation: Work cat.: (OSt)78814: HONIGMANN (John J)., Understanding culture, 1967